000 00455nam a22001811a 4500
020 _a9780552992060
_c0.00
040 _aSSUS - Library - Kalady
082 _a823
_bJOH/S
100 _aJohn Irving
245 _aSetting free the bears
_h[Text]
260 _aLondon
_bBlack Swan
_c1997
300 _a384p.
600 _aLiterature English
600 _aLiterature
600 _aNovel English
852 _9237.58
_r
942 _cBK
999 _c41445
_d41445